000 01041nam a22003257a 4500
003 CHAP
005 20220329135757.0
008 971013s1958 r 00010 d
010 _a41925
011 _a42897
035 _a47027
040 _cCHAP
082 _a631.2
_bE8
100 0 0 _aEscandell Miró, Francisco.
_937462
245 _aConstrucciones rurales
260 _aBarcelona :
_bSintes,
_c(1958)
300 _a188 p.
_b: ilus.
490 _aSelecta enciclopedia práctica
_v; 101-102
590 _aBATCH-UPD
_b10
_c20130110
_lUCH01
_h0037
590 _aBATCH-UPD
_b10
_c20130110
_lUCH01
_h1500
590 _aBATCH-UPD
_b10
_c20130409
_lUCH01
_h2021
590 _aBATCH-UPD
_b10
_c20130410
_lUCH01
_h0922
590 _aBATCH-UPD
_b10
_c20130914
_lUCH01
_h1037
590 _aCONVERSION
_b10
_c20130109
_lUCH01
_h1323
650 1 4 _aConstrucciones rurales.
_927378
830 0 _aSelecta enciclopedia práctica
_v; 101-102
_9103783
901 _aBK
942 _cLIBRO
949 _a631.2 E8
_bBC
_cLIBRO
_d33724000056040
_eLIBRO
_h17941
_i47027
_si
999 _c41925
_d41925